000 00632nam a2200229Ia 4500
003 OSt
005 20220926003137.0
006 a|||||r|||| 00| 0
007 ta
008 220923b |||||||| |||| 00| 0 eng d
020 _c1395.00
037 _cGeneral Book
040 _aRTL
_cRTL
_beng
041 _2eng
_aeng
100 _aUBEROI J P S
_9146604
245 0 _aMind and Society
_bFrom Indian stsudies to general sociology.
260 _a New Delhi
_bOxford University Press
_c2019
300 _axix, 326p.
_ccm.
650 _aSociology
942 _cGB
_2CC
999 _c607071
_d607071